Underground resistance (Record no. 84917)

MARC details
000 -LEADER
fixed length control field 00830cam a22002295a 4500
001 - CONTROL NUMBER
control field L159692
008 - FIXED-LENGTH DATA ELEMENTS--GENERAL INFORMATION
fixed length control field 150226s2016 xxk f 000 0 eng d
035 ## - SYSTEM CONTROL NUMBER
System control number (Sirsi) u159692
041 0# - LANGUAGE CODE
Language code of text/sound track or separate title eng
100 1# - MAIN ENTRY--PERSONAL NAME
Personal name Cousins, Stephen
245 00 - TITLE STATEMENT
Title Underground resistance
260 ## - PUBLICATION, DISTRIBUTION, ETC.
Date of publication, distribution, etc. 2017
490 ## - SERIES STATEMENT
Series statement Modus
Volume/sequential designation November 2016, 18-21 (4)
520 ## - SUMMARY, ETC.
Summary, etc. Examines what needs to be done by builders and archaeologists when remains are found on a building site and reviews some archaeological finds that have been successfully excavated and used to both the archaeologist`s and the housebuilder`s benefit.
590 ## - LOCAL NOTE (RLIN)
Local note KA
650 24 - SUBJECT ADDED ENTRY--TOPICAL TERM
Topical term or geographic name entry element ARCHEAOLOGICAL SITES
650 24 - SUBJECT ADDED ENTRY--TOPICAL TERM
Topical term or geographic name entry element AREAS OF ARCHAEOLOGICAL IMPORTANCE
650 24 - SUBJECT ADDED ENTRY--TOPICAL TERM
Topical term or geographic name entry element HISTORICAL ARTEFACTS
650 24 - SUBJECT ADDED ENTRY--TOPICAL TERM
Topical term or geographic name entry element SITE INVESTIGATION
690 ## - LOCAL SUBJECT ADDED ENTRY--TOPICAL TERM (OCLC, RLIN)
Topical term or geographic name as entry element Planning and development
9 (RLIN) 6259
942 ## - ADDED ENTRY ELEMENTS (KOHA)
Suppress in OPAC 0
Holdings
Withdrawn status Lost status Source of classification or shelving scheme Damaged status Not for loan Home library Current library Shelving location Date acquired Total Checkouts Full call number Barcode Date last seen Copy number Price effective from Koha item type
    Dewey Decimal Classification     London London Journal article 12/12/2017   L159692 159692-2001 06/08/2019 1 06/08/2019 Journal article